| 000 | 01213nam a2200337 a 4500 | ||
|---|---|---|---|
| 003 | CHAP | ||
| 005 | 20220329143804.0 | ||
| 008 | 110818s1966 mx r 10000 spa d | ||
| 010 | _a101881 | ||
| 011 | _a102853 | ||
| 035 | _a113542 | ||
| 040 | _cCHAP | ||
| 090 | _aFolleto 18004 | ||
| 111 | 2 |
_aSeminario Latinoamericano de Irrigación ( _n4 : _d1966 : _cBogota, Col.) _9104183 |
|
| 245 | 1 | 0 |
_aMetodología para la preparación de estadísticas continuas de los distritos de riego en México _c/por José Luis de la Loma y de Oteyza |
| 260 |
_aMéxico : _bSRH, _c1966 |
||
| 300 |
_a14 p. : _banexos |
||
| 530 | _atambien disponible en linea | ||
| 530 | _atambien disponnible en linea | ||
| 590 |
_aBATCH-UPD _b10 _c20130110 _lUCH01 _h1306 |
||
| 590 |
_aBATCH-UPD _b10 _c20130410 _lUCH01 _h0821 |
||
| 590 |
_aBATCH-UPD _b10 _c20130914 _lUCH01 _h1210 |
||
| 590 |
_aCONVERSION _b10 _c20130109 _lUCH01 _h1356 |
||
| 650 | 1 | 4 |
_aDistritos de riego. _932966 |
| 650 | 1 | 4 |
_aEstadística _xCongresos. _938245 |
| 650 | 1 | 4 |
_aEstadística _xMetodología. _938253 |
| 650 | 1 | 4 |
_aIrrigación _xEstadísticas. _960408 |
| 901 | _aBK | ||
| 942 | _cFOLL | ||
| 949 |
_aFolleto 18004 _bBC _cCONG _d33724002301272 _eTS1 _gDonaciØn _i113542 _sb |
||
| 999 |
_c101881 _d101881 |
||